000 00663cab a2200229 4500
001 ABS56430
008 090401t1997 xxu||||| |||| 00| 0 eng d
035 _a(Sirsi) u23541
041 _aeng
100 _aMosedale, J.
245 _aStudying the form
260 _c1997
350 _a0
490 _aBuilding Procurement
_vJanuary 1997, 12-13(2)
520 _aReviews the David McLean Contractor`s subcontract, highlighting potentially hazardous clauses.
650 _aCONTRACT CONDITIONS
650 _aDAVID MCLEAN CONTRACTORS
650 _aSUBCONTRACTS
690 _aBUILT ENVIRONMENT-BUILDING CONTRACT FORMS
942 _n0
948 _c04/03/1997
999 _c15735
_d15735